| 000 | 00610nam a22001937a 4500 | ||
|---|---|---|---|
| 005 | 20170811143334.0 | ||
| 010 | _aENG-119675 | ||
| 020 |
_a9788126920389 _c595.00 |
||
| 035 | _aEN-103207 | ||
| 037 | _bDBAD/PUB | ||
| 082 | _a883.092 | ||
| 100 | _aJhanji, R. S. | ||
| 245 |
_aColonial experience in the major fiction of V.S Naipaul / _cby R.S Jhanji |
||
| 260 |
_aNew Delhi _bAtlantic Publishers _c2015 |
||
| 270 |
_a7/22, Ansari Road, Daryaganj _bNew Delhi _e110002 |
||
| 300 |
_av, 210p. _c22cm(Hb) |
||
| 500 | _aIncludes bibliographical references | ||
| 942 |
_2ddc _cEN _h883.092 _mJHA |
||
| 999 |
_c143280 _d143280 |
||